Cost Accounts (Record no. 25163)

MARC details
000 -LEADER
fixed length control field 00433nam a2200181Ia 4500
008 - FIXED-LENGTH DATA ELEMENTS--GENERAL INFORMATION
fixed length control field 090122s9999 xx 000 0 und d
082 ## - DEWEY DECIMAL CLASSIFICATION NUMBER
Item number 1085
100 ## - MAIN ENTRY--PERSONAL NAME
Personal name M
Numeration G
Titles and other words associated with a name Patkar
245 ## - TITLE STATEMENT
Title Cost Accounts
260 ## - PUBLICATION, DISTRIBUTION, ETC. (IMPRINT)
Name of publisher, distributor, etc DHADKE BOOKSELLERS
Date of publication, distribution, etc 1975
300 ## - PHYSICAL DESCRIPTION
Extent 239
501 ## - WITH NOTE
With note "तुकाराम शिंदे, भेट"
600 ## - SUBJECT ADDED ENTRY--PERSONAL NAME
Personal name M
630 ## - SUBJECT ADDED ENTRY--UNIFORM TITLE
Uniform title Cost Accounts
700 ## - ADDED ENTRY--PERSONAL NAME
Personal name M
730 ## - ADDED ENTRY--UNIFORM TITLE
Uniform title Cost Accounts
942 ## - ADDED ENTRY ELEMENTS (KOHA)
Koha item type Book
Holdings
Withdrawn status Lost status Damaged status Not for loan Home library Current library Date acquired Source of acquisition Cost, normal purchase price Total Checkouts Full call number Barcode Date last seen Copy number Cost, replacement price Price effective from Koha item type
        Dombivali Granthasangrahalaya, Dombivali Dombivali Granthasangrahalaya, Dombivali 01/22/2009 "तुकाराम शिंदे, भेट" 2.00   1085 DOM-1085 01/22/2009 1 2.00 01/22/2009 Book